000 01707nam0a2200409 4500
001 RU\NLR\bibl\405715
005 20260406062136.0
010 _a5-7062-0191-9
_910000
021 _aRU
_b2003-18243
_9834
035 _a(NLR Aleph) 000399838
090 _a568130
_c568130
100 _a20030530d2003 |||y0rusy50 ca
101 0 _arus
_ager
102 _aRU
105 _ay |||||||||
200 1 _aНемецко-русский и русско-немецкий словарь
_eОк. 20000 слов в каждой части
_f[Сост. Филиппова М. С.]
210 _aСПб.
_cВиктория плюс
_aМ.
_cКалендайзер
_d2003
215 _a958 с.
_d17
300 _aЗагл. обл. на нем. яз. : Worterbuch. Deutsch-russish, russisch-deutsch
512 1 _aWorterbuch. Deutsch-Russisch, russisch-Deutsch
606 0 _aНемецкий язык
_xСловари
_xРусский язык
_91696762
_3RU\NLR\auth\66754878
606 0 _aРусский язык
_xСловари
_xНемецкий язык
_91537828
_3RU\NLR\auth\66971516
610 0 _aНемецко-русские словари
610 0 _aРусско-латинские словари
675 _a811.161.1'374-112.2
_v3
_zrus
675 _a811.112.2'374-161.1
_v3
_zrus
686 _a16.41
_2rugasnti
686 _a81.2Нем-4
_2rubbk
686 _aШ143.24-491перев
686 _aШ141.12-491перев
702 1 _4220
_8rus
_7ca
_aФилиппова
_bМ. С.
_cфилолог, нем. язык
_3RU\NLR\AUTH\7712341
_9122063
801 0 _aRU
_bRKP
_c20030530
_gPSBO
801 1 _aRU
_bRKP
_c20030530
801 2 _aRU
_bNLR
_c20060601
_grcr
942 _cBOOK
980 _aNB